000
00328nam a2200145Ia 4500
008
191201s2006 xx 000 0 und d
082
_a
658.8
_b
VAI
100
_a
Vasudeva, P.K.
245
0
_a
International Marketing
250
_a
3rd
260
_a
-
_b
Excel Books
_c
2006
300
_a
628
650
_a
MBA
942
_2
ddc
_c
BK
_0
1
999
_c
3477
_d
3477